Rozvoj místního hospodářství

Gespeichert in:
Bibliographische Detailangaben
Format: Schriftenreihe
Sprache:Tschechisch
Veröffentlicht: Praha Tisková ediční a propagační služba
Tags: Tag hinzufügen
Keine Tags, Fügen Sie das erste Tag hinzu!

MARC

LEADER 00000nas1a22000001 4500
001 s120694
005 20230608081231.9
041 0 |a cze 
044 |a CZ 
245 1 0 |a Rozvoj místního hospodářství 
264 1 |a Praha  |b Tisková ediční a propagační služba 
500 |a Od č. 7/90: Řemeslo a služby